Giáo trình cơ kỹ thuật: Sách dùng cho các trường đào tạo hệ trung học chuyên nghiệp

Uloženo v:
Podrobná bibliografie
Hlavní autor: Đỗ Sanh
Médium: Kniha
Jazyk:Undetermined
Vydáno: Hà Nội Giáo dục 2003
Témata:
Tagy: Přidat tag
Žádné tagy, Buďte první, kdo otaguje tento záznam!
Thư viện lưu trữ: Trung tâm Học liệu Trường Đại học Cần Thơ
LEADER 00676nam a2200217Ia 4500
001 CTU_59957
008 210402s9999 xx 000 0 und d
020 |b 27300 
020 |c 27300 
082 |a 620.1 
082 |b S107 
100 |a Đỗ Sanh 
245 0 |a Giáo trình cơ kỹ thuật: 
245 0 |b Sách dùng cho các trường đào tạo hệ trung học chuyên nghiệp 
245 0 |c Đỗ Sanh, Nguyễn Văn Vượng, Phan Hữu Phúc 
260 |a Hà Nội 
260 |b Giáo dục 
260 |c 2003 
650 |a mechanics, applied 
904 |i Hiếu 
980 |a Trung tâm Học liệu Trường Đại học Cần Thơ